[Event "Moscow Open 2007"]
[Site "Moscow"]
[Date "2007.01.29"]
[Round "3"]
[White "Gvilava, Maya"]
[Black "Bacherikov, Vitaly"]
[Result "0-1"]
[WhiteElo "2098"]
[BlackElo "2209"]
[PlyCount "112"]
[EventDate "2007.??.??"]

1. e4 c6 2. d4 d5 3. Nd2 dxe4 4. Nxe4 Nf6 5. Ng3 h5 6. h4 Bg4 7. Be2 e6 8. Bg5
Nbd7 9. Qd3 Qc7 10. O-O-O O-O-O 11. Bxg4 hxg4 12. N1e2 Be7 13. c4 c5 14. Qa3 a6
15. d5 exd5 16. Nf5 Nb6 17. Qa5 Bd6 18. Nxd6+ Qxd6 19. cxd5 Nbxd5 20. Nf4 Qc6
21. Nd3 Rhe8 22. Qxc5 Qxc5+ 23. Nxc5 Re2 24. Bxf6 Nxf6 25. Rxd8+ Kxd8 26. Rd1+
Kc7 27. Rd2 Re8 28. Rc2 Kb8 29. Kd2 a5 30. Nb3 b6 31. Nd4 Ne4+ 32. Kd3 Nc5+ 33.
Kc4 g6 34. Kb5 Kb7 35. a3 Re4 36. Nc6 Ne6 37. b4 Nc7+ 38. Ka4 b5+ 39. Kb3 a4+
40. Kb2 Ne6 41. Na5+ Kb6 42. Kc3 g3 43. fxg3 Re3+ 44. Kb2 Rxg3 45. Rf2 f5 46.
h5 gxh5 47. Rxf5 Rxg2+ 48. Kc3 Rg3+ 49. Kc2 Ng5 50. Rf6+ Kc7 51. Rc6+ Kd7 52.
Rb6 h4 53. Rxb5 h3 54. Rb7+ Kc8 55. Rb6 h2 56. Rh6 Rh3 0-1

[Event "Moscow Open 2007"]
[Site "Moscow"]
[Date "2007.01.29"]
[Round "3"]
[White "Cherenkov, Andrey"]
[Black "Samedov, Alim"]
[Result "1-0"]
[WhiteElo "2206"]
[BlackElo "2104"]
[PlyCount "47"]
[EventDate "2007.??.??"]

1. e4 c6 2. d4 d5 3. f3 dxe4 4. fxe4 Nf6 5. Nc3 Bg4 6. Be2 Bxe2 7. Ngxe2 e6 8.
O-O Be7 9. Nf4 Qb6 10. e5 Nfd7 11. Kh1 O-O 12. Nh5 Rd8 13. Qg4 g6 14. Bh6 Qxb2
15. Qf3 f5 16. exf6 Bf8 17. f7+ Kh8 18. Bg5 gxh5 19. Bxd8 Bg7 20. Qg3 Na6 21.
f8=Q+ Nxf8 22. Rxf8+ Bxf8 23. Bf6+ Bg7 24. Qxg7# 1-0

[Event "Moscow Open 2007"]
[Site "Moscow"]
[Date "2007.01.29"]
[Round "3"]
[White "Kharmunova, Nadejda"]
[Black "Kreines, Mikhail"]
[Result "0-1"]
[WhiteElo "2198"]
[BlackElo "2088"]
[PlyCount "62"]
[EventDate "2007.??.??"]

1. e4 e5 2. Nf3 Nf6 3. Nc3 Bb4 4. d3 d5 5. exd5 Nxd5 6. Bd2 Nc6 7. Be2 O-O 8.
O-O Bxc3 9. bxc3 f6 10. Rb1 b6 11. d4 Bf5 12. c4 Nde7 13. d5 Nb8 14. Bb4 Na6
15. Ba3 Re8 16. Nh4 Bg6 17. Nxg6 Nxg6 18. Bh5 Nc5 19. Bxc5 bxc5 20. Rb5 Qd6 21.
Qg4 Kf7 22. Rfb1 e4 23. Qg3 Re5 24. Bxg6+ hxg6 25. Qa3 e3 26. Qxc5 exf2+ 27.
Qxf2 Rae8 28. Rb7 Re2 29. Qxa7 R8e7 30. c3 Qf4 31. Rf1 Qd2 0-1

[Event "Moscow Open 2007"]
[Site "Moscow"]
[Date "2007.01.29"]
[Round "3"]
[White "Medvedev, Nikolai"]
[Black "Pluzhnik, Mikhail"]
[Result "0-1"]
[WhiteElo "2012"]
[BlackElo "2198"]
[PlyCount "62"]
[EventDate "2007.??.??"]

1. e4 c5 2. Nf3 e6 3. d4 cxd4 4. Nxd4 Nf6 5. Bd3 d6 6. O-O Nc6 7. Be3 Be7 8.
Nc3 O-O 9. Kh1 a6 10. a3 Qc7 11. Nxc6 bxc6 12. f4 c5 13. Ne2 c4 14. Ng3 cxd3
15. cxd3 Bd7 16. d4 Rac8 17. e5 Nd5 18. Bg1 Qc2 19. Qg4 f5 20. Qf3 Qxb2 21.
Rab1 Qc3 22. Qd1 Bb5 23. Rf3 Qc2 24. Qe1 dxe5 25. dxe5 Rc3 26. Rf2 Qa4 27. Rc1
Rfc8 28. Rxc3 Rxc3 29. Ne2 Re3 30. Qd2 Qc4 31. Nc1 Bxa3 0-1

[Event "Moscow Open 2007"]
[Site "Moscow"]
[Date "2007.01.29"]
[Round "3"]
[White "Lyubokhiner, Leonid M"]
[Black "Lelekova, Olga"]
[Result "0-1"]
[WhiteElo "1805"]
[BlackElo "2184"]
[PlyCount "62"]
[EventDate "2007.??.??"]

1. e4 c5 2. Nf3 Nc6 3. Bb5 Nf6 4. d3 g6 5. Bxc6 dxc6 6. h3 Bg7 7. Nc3 O-O 8.
Be3 b6 9. Qd2 Ne8 10. Bh6 Nc7 11. Bxg7 Kxg7 12. Qe3 Ne6 13. Ne2 Qc7 14. O-O Rd8
15. Rfd1 Ba6 16. Rd2 Rd7 17. Ne1 Rad8 18. f4 Nd4 19. Nxd4 cxd4 20. Qf2 c5 21.
b3 e6 22. g4 f5 23. gxf5 exf5 24. exf5 Rf8 25. Ng2 Rxf5 26. Rf1 Rdf7 27. Rdd1
Bb7 28. h4 Bxg2 29. Qxg2 Rxf4 30. Rxf4 Qxf4 31. a3 Qe3+ 0-1

[Event "Moscow Open 2007"]
[Site "Moscow"]
[Date "2007.01.29"]
[Round "3"]
[White "Venevtsev, Andrey"]
[Black "Pankov, Gennady"]
[Result "1-0"]
[WhiteElo "2181"]
[BlackElo "2014"]
[PlyCount "59"]
[EventDate "2007.??.??"]

1. e4 c5 2. Nf3 d6 3. d4 cxd4 4. Nxd4 Nf6 5. Nc3 a6 6. Bc4 Nc6 7. O-O e5 8. Nf3
h6 9. Be3 Bg4 10. h3 Bh5 11. g4 Bg6 12. Nh4 Bh7 13. Nf5 Bxf5 14. gxf5 Rc8 15.
Bb3 Be7 16. Kh2 Na5 17. Rg1 Nxb3 18. axb3 Kf8 19. Qd3 Rc6 20. Rg2 Kg8 21. Rag1
Bf8 22. f3 Nh5 23. Nd5 Nf6 24. Qd2 Nxd5 25. exd5 Rc8 26. Bxh6 Qh4 27. Rxg7+
Bxg7 28. Rxg7+ Kf8 29. Rh7+ Ke7 30. Bg5+ 1-0

[Event "Moscow Open 2007"]
[Site "Moscow"]
[Date "2007.01.29"]
[Round "3"]
[White "Babushkin, Eduard"]
[Black "Lavrentiev, Yuri"]
[Result "1-0"]
[WhiteElo "2170"]
[BlackElo "1977"]
[PlyCount "77"]
[EventDate "2007.??.??"]

1. d4 d5 2. c4 e6 3. Nc3 Be7 4. cxd5 exd5 5. Bf4 c6 6. Qc2 Nf6 7. e3 O-O 8. Bd3
Bg4 9. Nge2 Re8 10. O-O h6 11. f3 Bc8 12. e4 Nh5 13. Be3 Bg5 14. Bf2 Nf4 15.
Nxf4 Bxf4 16. e5 Qg5 17. h4 Qd8 18. g3 Bxe5 19. dxe5 Rxe5 20. Rfe1 Nd7 21. Kg2
b6 22. Bh7+ Kh8 23. Bf5 Qf6 24. g4 g6 25. Bxd7 Rxe1 26. Rxe1 Bxd7 27. Qd2 Kh7
28. Bd4 Qd6 29. Be5 Qe7 30. Bg7 Qxh4 31. Rh1 Qxh1+ 32. Kxh1 Kxg7 33. Qd4+ f6
34. Qf4 Rf8 35. Qd6 Rf7 36. Ne2 Be8 37. Nd4 c5 38. Ne6+ Kg8 39. Qd8 1-0

[Event "Moscow Open 2007"]
[Site "Moscow"]
[Date "2007.01.30"]
[Round "4"]
[White "Zontakh, Andrey"]
[Black "Krapivin, Alexander"]
[Result "1/2-1/2"]
[WhiteElo "2562"]
[BlackElo "2478"]
[PlyCount "82"]
[EventDate "2007.??.??"]

1. e4 c5 2. Nf3 e6 3. d4 cxd4 4. Nxd4 Nf6 5. Nc3 Nc6 6. Ndb5 d6 7. Bf4 e5 8.
Bg5 a6 9. Na3 b5 10. Bxf6 gxf6 11. Nd5 Bg7 12. Bd3 Ne7 13. Nxe7 Qxe7 14. O-O
O-O 15. c4 f5 16. Qf3 b4 17. Nc2 f4 18. a3 bxa3 19. b4 Qg5 20. Be2 f5 21. Rxa3
Bb7 22. Bd3 Rf6 23. Re1 Raf8 24. Ra5 Kh8 25. b5 axb5 26. Rxb5 Bc6 27. Nb4 Be8
28. exf5 Bh5 29. Qb7 Rh6 30. Be4 Bg4 31. Ra5 Bxf5 32. Ra8 Rhf6 33. Rxf8+ Rxf8
34. Bxf5 Qxf5 35. Qf3 Qc8 36. Qe4 f3 37. Nd5 fxg2 38. Kxg2 Bh6 39. Rg1 Qe6 40.
Qh4 Qf5 41. Kh1 Qf3+ 1/2-1/2

[Event "Moscow Open 2007"]
[Site "Moscow"]
[Date "2007.01.30"]
[Round "4"]
[White "Ulko, Jaroslav"]
[Black "Amonatov, Farrukh"]
[Result "1/2-1/2"]
[WhiteElo "2460"]
[BlackElo "2559"]
[PlyCount "147"]
[EventDate "2007.??.??"]

1. d4 d5 2. c4 c6 3. Nc3 Nf6 4. e3 a6 5. Nf3 b5 6. b3 Bf5 7. Ne5 h6 8. Bd3 Bxd3
9. Qxd3 e6 10. O-O Bd6 11. cxd5 cxd5 12. Bb2 Nbd7 13. Ne2 Qb8 14. Nxd7 Nxd7 15.
h3 O-O 16. Rac1 Qb7 17. Rc2 Nb6 18. Rfc1 Rfc8 19. Qd2 Rab8 20. Rxc8+ Rxc8 21.
Rc2 Nd7 22. Nc1 Rxc2 23. Qxc2 Nb8 24. Nd3 Nc6 25. Bc3 b4 26. Be1 a5 27. Nb2 g6
28. Bd2 h5 29. Be1 Qb5 30. Qd3 Qb7 31. Qc2 Kg7 32. f3 Bb8 33. Nd3 Qb5 34. Bh4
Bd6 35. Bg5 Qb6 36. Bf4 Bxf4 37. Nxf4 Ne7 38. Kf2 Qd6 39. Nd3 Nf5 40. Qc1 Qg3+
41. Kg1 Nh4 42. Qf1 Nf5 43. Qc1 Nh4 44. Qf1 Qg5 45. Nf4 Nf5 46. Qc1 Qh4 47. Qd2
g5 48. Nd3 g4 49. fxg4 hxg4 50. hxg4 Qxg4 51. Nf4 Ng3 52. Qc2 Nf5 53. Qc7 Nh4
54. Qxa5 Qd1+ 55. Kh2 Nf5 56. Qc7 Kg8 57. Qd8+ Kg7 58. Qg5+ Kf8 59. Nxd5 Qe1
60. Qd8+ Kg7 61. Qf6+ Kg8 62. Ne7+ Nxe7 63. Qxe7 Qxe3 64. Qxb4 Qf4+ 65. Kh3
Qf5+ 66. Kg3 Qg5+ 67. Kf3 Qf5+ 68. Ke3 Qg5+ 69. Kf2 Qf4+ 70. Ke2 Qe4+ 71. Kf2
Qf4+ 72. Ke1 Qe3+ 73. Kf1 Qf4+ 74. Ke2 1/2-1/2

[Event "Moscow Open 2007"]
[Site "Moscow"]
[Date "2007.01.30"]
[Round "4"]
[White "Gareev, Timur"]
[Black "Tarlev, Konstantin"]
[Result "1/2-1/2"]
[WhiteElo "2551"]
[BlackElo "2454"]
[PlyCount "81"]
[EventDate "2007.??.??"]

1. e4 e5 2. Nf3 Nc6 3. Bb5 a6 4. Ba4 Nf6 5. d3 b5 6. Bb3 Bc5 7. a4 Rb8 8. Nc3
d6 9. axb5 axb5 10. Nd5 Nxd5 11. Bxd5 Ne7 12. Bb3 O-O 13. O-O h6 14. c3 Ng6 15.
d4 Bb6 16. Be3 Qf6 17. h3 Nf4 18. Kh2 g5 19. Ng1 b4 20. g3 bxc3 21. bxc3 Ne6
22. Nf3 Bb7 23. Bd5 exd4 24. cxd4 Bxd5 25. exd5 Ng7 26. h4 g4 27. Nd2 h5 28. f3
Rbe8 29. fxg4 Qg6 30. gxh5 Nxh5 31. Qf3 Rxe3 32. Qxe3 Bxd4 33. Qf3 Bxa1 34.
Rxa1 Re8 35. Rf1 f5 36. Rf2 Re5 37. Nc4 Re4 38. Nd2 Re5 39. Nc4 Re4 40. Nd2 Re5
41. Nc4 1/2-1/2

[Event "Moscow Open 2007"]
[Site "Moscow"]
[Date "2007.01.30"]
[Round "4"]
[White "Fedorov, Alexei"]
[Black "Andreikin, Dmitry"]
[Result "1/2-1/2"]
[WhiteElo "2624"]
[BlackElo "2509"]
[PlyCount "59"]
[EventDate "2007.??.??"]

1. e4 e6 2. d4 d5 3. Nc3 Nf6 4. e5 Nfd7 5. f4 c5 6. Nf3 Nc6 7. Be3 cxd4 8. Nxd4
Bc5 9. Qd2 Bxd4 10. Bxd4 Nxd4 11. Qxd4 Qb6 12. Qxb6 Nxb6 13. Nb5 Ke7 14. Bd3
Bd7 15. Nd4 Na4 16. O-O-O Nc5 17. Rhf1 g6 18. g3 Rac8 19. h3 h5 20. Kd2 a6 21.
Rf3 Rc7 22. Rdf1 a5 23. a3 Na4 24. b3 Nc5 25. a4 b6 26. c3 Bc8 27. Re1 Ba6 28.
Bc2 Nd7 29. Rb1 Rhc8 30. b4 1/2-1/2

[Event "Moscow Open 2007"]
[Site "Moscow"]
[Date "2007.01.30"]
[Round "4"]
[White "Svetushkin, Dmitry"]
[Black "Zinchenko, Yaroslav"]
[Result "1-0"]
[WhiteElo "2588"]
[BlackElo "2507"]
[PlyCount "109"]
[EventDate "2007.??.??"]

1. e4 c5 2. Nf3 Nc6 3. Bb5 e6 4. Bxc6 bxc6 5. d3 Ne7 6. Qe2 Qc7 7. Ng5 f6 8.
Nh3 g6 9. f4 Bg7 10. O-O O-O 11. Be3 d6 12. Nd2 e5 13. fxe5 fxe5 14. Rxf8+ Bxf8
15. Rf1 Bxh3 16. gxh3 Bg7 17. Qg4 Qc8 18. Nc4 Qxg4+ 19. hxg4 Nc8 20. Na5 Rb8
21. b3 Rb6 22. a4 h6 23. h4 Bf8 24. Kg2 Bg7 25. Rf3 Bf8 26. Kf1 Bg7 27. Ke2 Bf8
28. Kd1 Bg7 29. Kc1 Bf8 30. Kb2 Bg7 31. c3 Bf8 32. Kc2 Bg7 33. Rf2 Bf8 34. Rf1
Bg7 35. b4 Ra6 36. Kb3 cxb4 37. cxb4 c5 38. b5 Rb6 39. Kc2 Bf8 40. Rb1 Kf7 41.
Bd2 Ke8 42. Nc4 Rb7 43. a5 Bg7 44. h5 g5 45. Ne3 Ne7 46. Kc3 Kd7 47. Kc4 Ke6
48. Nd5 Nxd5 49. exd5+ Kd7 50. a6 Rb8 51. b6 axb6 52. Kb5 Rf8 53. a7 e4 54.
Kxb6 c4 55. Ka6 1-0

[Event "Moscow Open 2007"]
[Site "Moscow"]
[Date "2007.01.30"]
[Round "4"]
[White "Burmakin, Vladimir"]
[Black "Chadaev, Nikolai"]
[Result "1/2-1/2"]
[WhiteElo "2568"]
[BlackElo "2484"]
[PlyCount "86"]
[EventDate "2007.??.??"]

1. d4 Nf6 2. g3 g6 3. Bg2 Bg7 4. e4 d6 5. Ne2 O-O 6. Nbc3 e5 7. h3 Nc6 8. Be3
Bd7 9. d5 Ne7 10. Qd2 c6 11. dxc6 Bxc6 12. Rd1 Qa5 13. O-O Rfd8 14. Nd5 Qxd2
15. Nxf6+ Bxf6 16. Rxd2 d5 17. Rfd1 d4 18. c3 Nf5 19. cxd4 Nxe3 20. fxe3 Bg5
21. Kf2 Re8 22. h4 Bh6 23. d5 Bd7 24. Ng1 Bg4 25. Rf1 Rac8 26. Bh3 Bxh3 27.
Nxh3 Rc4 28. Kf3 Bf8 29. a3 b5 30. Nf2 b4 31. axb4 Bxb4 32. Re2 Kg7 33. g4 a5
34. g5 f6 35. gxf6+ Kxf6 36. Rh1 Rf8 37. Kg2 h5 38. Rh3 Kg7 39. Rh1 Rfc8 40.
Rd1 Kf6 41. Kf3 Kg7 42. Kg2 Kf6 43. Kf3 Kg7 1/2-1/2

[Event "Moscow Open 2007"]
[Site "Moscow"]
[Date "2007.01.30"]
[Round "4"]
[White "Vorobiov, Evgeny E"]
[Black "Askarov, Marat"]
[Result "0-1"]
[WhiteElo "2563"]
[BlackElo "2487"]
[PlyCount "103"]
[EventDate "2007.??.??"]

1. e4 c5 2. Nf3 d6 3. d4 cxd4 4. Nxd4 Nf6 5. Nc3 Nc6 6. Bg5 e6 7. Qd2 Be7 8.
O-O-O Nxd4 9. Qxd4 O-O 10. f4 Qa5 11. Kb1 h6 12. h4 Rd8 13. Bd3 Bd7 14. Qe3 Bc6
15. f5 exf5 16. exf5 Re8 17. Qg3 Nh5 18. Qh3 Bf6 19. Bd2 Be5 20. Rhf1 Qb6 21.
Be3 Qd8 22. Ne2 Nf6 23. Bd4 Qa5 24. Bc4 Rac8 25. Bb3 Bb5 26. c4 Rxc4 27. Bxe5
Rxe5 28. Nc3 Rxc3 29. Qxc3 Qxc3 30. bxc3 Bxf1 31. Rxf1 Kf8 32. Rf4 Re4 33. Rxe4
Nxe4 34. Kc2 Ng3 35. f6 gxf6 36. Kd3 Ke7 37. Bd5 b6 38. Kc4 Nf5 39. Kb5 Nxh4
40. Ka6 Kd7 41. Kxa7 Kc7 42. Ka6 Nf5 43. a4 Ne3 44. Bf3 f5 45. Kb5 d5 46. g3
Nf1 47. Bxd5 Nxg3 48. Bf3 f4 49. Kc4 f5 50. Kd5 Ne4 51. Ke5 Nd2 52. Kd4 0-1

[Event "Moscow Open 2007"]
[Site "Moscow"]
[Date "2007.01.30"]
[Round "4"]
[White "Tunik, Gennady"]
[Black "Turov, Maxim"]
[Result "1/2-1/2"]
[WhiteElo "2475"]
[BlackElo "2562"]
[PlyCount "74"]
[EventDate "2007.??.??"]

1. d4 Nf6 2. c4 g6 3. Nc3 d5 4. cxd5 Nxd5 5. Bd2 Bg7 6. e4 Nb6 7. Be3 O-O 8. h3
f5 9. exf5 gxf5 10. Qd2 Be6 11. Nf3 Nc6 12. Bh6 Bxh6 13. Qxh6 Rf6 14. Qd2 Bd5
15. Ne5 Nxe5 16. dxe5 Rg6 17. O-O-O e6 18. g4 f4 19. Qxf4 Qh4 20. Rh2 Rf8 21.
Qd4 Qg5+ 22. Qe3 Qxe3+ 23. fxe3 Rg5 24. Bd3 Rxe5 25. e4 Bc6 26. Rf1 Rxf1+ 27.
Bxf1 Na4 28. Bd3 Nxc3 29. bxc3 Kg7 30. h4 Ra5 31. Kb2 h6 32. Rf2 Re5 33. Rf4
Be8 34. Bc2 Bg6 35. Bd3 Rc5 36. Rf2 Rc6 37. Bc2 Rd6 1/2-1/2

[Event "Moscow Open 2007"]
[Site "Moscow"]
[Date "2007.01.30"]
[Round "4"]
[White "Gasanov, Eldar"]
[Black "Korobov, Anton"]
[Result "1/2-1/2"]
[WhiteElo "2477"]
[BlackElo "2547"]
[PlyCount "26"]
[EventDate "2007.??.??"]

1. d4 Nf6 2. c4 g6 3. Nc3 Bg7 4. e4 d6 5. f3 O-O 6. Be3 Nbd7 7. Qd2 c5 8. Nge2
a6 9. Rd1 Qa5 10. Nc1 cxd4 11. Bxd4 Ne5 12. Be2 Qc7 13. b3 Be6 1/2-1/2

[Event "Moscow Open 2007"]
[Site "Moscow"]
[Date "2007.01.30"]
[Round "4"]
[White "Danin, Alexandre"]
[Black "Novikov, Stanislav"]
[Result "1-0"]
[WhiteElo "2451"]
[BlackElo "2535"]
[PlyCount "99"]
[EventDate "2007.??.??"]

1. e4 g6 2. d4 Bg7 3. Nc3 c6 4. h3 d6 5. a4 Nd7 6. g3 Qa5 7. Nge2 e5 8. Be3
Ngf6 9. Bg2 d5 10. exd5 Nxd5 11. Bd2 Nxc3 12. Bxc3 Qc7 13. dxe5 Bxe5 14. O-O
O-O 15. Re1 Rd8 16. Qd2 Bxc3 17. Qxc3 Nf8 18. a5 a6 19. Rad1 Be6 20. Nf4 Rxd1
21. Rxd1 Rd8 22. Rd3 Rxd3 23. Nxd3 Bf5 24. Nc5 Ne6 25. Nxe6 Bxe6 26. Qc5 Qd7
27. Kh2 Qd2 28. b4 Qe2 29. Qb6 Qxc2 30. Qxb7 Qxf2 31. Qxc6 h5 32. Qxa6 h4 33.
Qa8+ Kh7 34. Qf3 Qe1 35. a6 Bd5 36. Qf4 hxg3+ 37. Qxg3 Qd2 38. b5 f5 39. h4
Bxg2 40. Qxg2 Qd6+ 41. Kh3 Qd3+ 42. Kh2 Qd6+ 43. Qg3 f4 44. Qf2 f3+ 45. Kh3
Qd7+ 46. Kg3 Qxb5 47. Qa7+ Kh6 48. Qe3+ Kh7 49. Qe7+ Kg8 50. a7 1-0

[Event "Moscow Open 2007"]
[Site "Moscow"]
[Date "2007.01.30"]
[Round "4"]
[White "Chuprov, Dmitry"]
[Black "Demchenko, Anton"]
[Result "1-0"]
[WhiteElo "2534"]
[BlackElo "2427"]
[PlyCount "67"]
[EventDate "2007.??.??"]

1. e4 e5 2. Nf3 Nc6 3. Bb5 a6 4. Ba4 d6 5. Bxc6+ bxc6 6. d4 f6 7. h3 Ne7 8. c4
Ng6 9. Nc3 Be7 10. O-O O-O 11. Re1 a5 12. Be3 Qe8 13. Rc1 a4 14. c5 a3 15. b4
dxc5 16. bxc5 exd4 17. Nxd4 Bxc5 18. Ncb5 cxb5 19. Rxc5 Qxe4 20. f3 Qb7 21.
Qb3+ Kh8 22. Rec1 b4 23. Rxc7 Qb8 24. Qd5 Rg8 25. Bh6 Bxh3 26. gxh3 gxh6 27.
Kh1 Qe8 28. Ne6 Ne5 29. Nf4 Rd8 30. Qe4 Rd7 31. Qf5 Rxc7 32. Rxc7 Nd7 33. Ne6
b3 34. Rxd7 1-0

[Event "Moscow Open 2007"]
[Site "Moscow"]
[Date "2007.01.30"]
[Round "4"]
[White "Chudinovskikh, Alexander M"]
[Black "Nikolenko, Oleg"]
[Result "1-0"]
[WhiteElo "2359"]
[BlackElo "2516"]
[PlyCount "65"]
[EventDate "2007.??.??"]

1. e4 e6 2. d4 d5 3. Nc3 Nf6 4. Bg5 Be7 5. e5 Nfd7 6. Bxe7 Qxe7 7. f4 O-O 8.
Nf3 c5 9. Qd2 Nc6 10. dxc5 Nxc5 11. O-O-O a6 12. Bd3 b5 13. Ne2 Bb7 14. Ned4
Nxd4 15. Nxd4 b4 16. Rhe1 Ne4 17. Bxe4 dxe4 18. Qe3 Rac8 19. Rd2 Qc7 20. Kb1
Rfd8 21. Red1 h6 22. g4 Qc5 23. h4 a5 24. h5 a4 25. g5 hxg5 26. fxg5 Qxe5 27.
g6 Qxh5 28. gxf7+ Qxf7 29. Rh1 Qf6 30. Rf2 Qxd4 31. Rh8+ Kxh8 32. Qh3+ Kg8 33.
Qxe6+ 1-0

[Event "Moscow Open 2007"]
[Site "Moscow"]
[Date "2007.01.30"]
[Round "4"]
[White "Ovod, Evgenija"]
[Black "Smirnov, Pavel"]
[Result "0-1"]
[WhiteElo "2410"]
[BlackElo "2621"]
[PlyCount "50"]
[EventDate "2007.??.??"]

1. d4 d5 2. c4 c6 3. Nf3 Nf6 4. Nc3 e6 5. Bg5 dxc4 6. e4 b5 7. e5 h6 8. Bh4 g5
9. Nxg5 hxg5 10. Bxg5 Nbd7 11. exf6 Bb7 12. g3 c5 13. d5 Qc7 14. Bg2 b4 15. d6
Qb6 16. Na4 Qa6 17. Bxb7 Qxb7 18. O-O O-O-O 19. Rc1 Qa6 20. Re1 Bxd6 21. Re4
Qc6 22. Qc2 Ne5 23. Be3 Nd3 24. Rxc4 Rxh2 25. Kf1 Nxc1 0-1

[Event "Moscow Open 2007"]
[Site "Moscow"]
[Date "2007.01.30"]
[Round "4"]
[White "Aleksandrov, Aleksej"]
[Black "Shimanov, Aleksandr"]
[Result "1-0"]
[WhiteElo "2601"]
[BlackElo "2419"]
[PlyCount "66"]
[EventDate "2007.??.??"]

1. d4 d5 2. c4 c6 3. Nc3 Nf6 4. e3 a6 5. Bd3 Bg4 6. Nge2 e6 7. Qc2 Bh5 8. Nf4
Bg6 9. Nxg6 hxg6 10. Bd2 Bd6 11. O-O-O Nbd7 12. Kb1 Rc8 13. c5 Be7 14. f3 b6
15. cxb6 Qxb6 16. h4 Kf8 17. Na4 Qb7 18. Rc1 Ne8 19. e4 Nd6 20. Ka1 Nb5 21. Be3
Kg8 22. g4 Qa7 23. Qf2 Kf8 24. e5 c5 25. f4 c4 26. f5 gxf5 27. gxf5 Ke8 28. Qg1
Rxh4 29. Rxh4 Bxh4 30. fxe6 fxe6 31. Qg6+ Kf8 32. Qxe6 Be7 33. Bf5 Rb8 1-0

[Event "Moscow Open 2007"]
[Site "Moscow"]
[Date "2007.01.30"]
[Round "4"]
[White "Gagarin, Vasilij"]
[Black "Belov, Vladimir"]
[Result "0-1"]
[WhiteElo "2406"]
[BlackElo "2600"]
[PlyCount "54"]
[EventDate "2007.??.??"]

1. e4 c5 2. c3 g6 3. d4 cxd4 4. cxd4 d5 5. exd5 Nf6 6. Nc3 Nxd5 7. Qb3 Nb6 8.
d5 Bg7 9. Be3 O-O 10. Rd1 Na6 11. Bxa6 bxa6 12. Nge2 Rb8 13. O-O Bg4 14. f3 Bd7
15. Bf4 Rb7 16. Qa3 Bb5 17. Nxb5 axb5 18. Qa6 Qd7 19. d6 Nc4 20. dxe7 Qxe7 21.
Bd6 Qe3+ 22. Kh1 Nxd6 23. Nc3 Rb6 24. Qxa7 Nc8 25. Qc7 Bxc3 26. Rd8 Rxd8 27.
Qxd8+ Kg7 0-1

[Event "Moscow Open 2007"]
[Site "Moscow"]
[Date "2007.01.30"]
[Round "4"]
[White "Polivanov, Anatoliy"]
[Black "Rychagov, Andrey"]
[Result "0-1"]
[WhiteElo "2400"]
[BlackElo "2586"]
[PlyCount "106"]
[EventDate "2007.??.??"]

1. e4 c5 2. Nf3 e6 3. d4 cxd4 4. Nxd4 a6 5. Nd2 Qc7 6. Bd3 Nf6 7. O-O d6 8. c4
Nbd7 9. b3 g6 10. Bb2 Bg7 11. Rc1 O-O 12. Bb1 b6 13. Re1 Bb7 14. b4 Rac8 15.
N4b3 Qb8 16. a4 Ba8 17. Bd4 Rfd8 18. Qe2 Rc7 19. Bd3 Bf8 20. Rb1 Nh5 21. Be3
Ne5 22. a5 bxa5 23. bxa5 Qc8 24. Bc2 Nxc4 25. Nxc4 Rxc4 26. Bd3 Rxe4 27. Bxe4
Bxe4 28. Bg5 Bxb1 29. Bxd8 Bf5 30. Bb6 Nf4 31. Qd2 e5 32. Nd4 Qa8 33. f3 Bh6
34. Qf2 Nd3 35. Qh4 exd4 36. Bxd4 Bg7 37. Bxg7 Kxg7 38. Qd4+ Kg8 39. Re7 Qc8
40. g4 Ne5 41. Qxd6 Nxf3+ 42. Kf2 Bxg4 43. Qf6 Qc5+ 44. Kg3 Qg1+ 45. Kf4 g5+
46. Ke4 Qe1+ 47. Kd5 Qxa5+ 48. Kc6 Qb5+ 49. Kc7 Be6 50. Rxe6 fxe6 51. Qxe6+ Kg7
52. Qe7+ Kg6 53. Qe6+ Kh5 0-1

[Event "Moscow Open 2007"]
[Site "Moscow"]
[Date "2007.01.30"]
[Round "4"]
[White "Chernyshov, Konstantin"]
[Black "Burlov, Vassili"]
[Result "1-0"]
[WhiteElo "2556"]
[BlackElo "2410"]
[PlyCount "91"]
[EventDate "2007.??.??"]

1. e4 e6 2. d4 d5 3. Nd2 c5 4. exd5 exd5 5. Ngf3 Nc6 6. Bb5 Bd6 7. O-O Nge7 8.
c4 O-O 9. cxd5 Nxd4 10. Nxd4 cxd4 11. Bc4 Bf5 12. Nf3 Bg4 13. Qxd4 Bxf3 14.
gxf3 Nc6 15. Qc3 Ne5 16. f4 Ng6 17. b3 Re8 18. Bb2 f6 19. f5 Be5 20. d6+ Kh8
21. Qc2 Nf4 22. Rad1 Qd7 23. Bc1 g5 24. Bxf4 gxf4 25. Be6 Qg7+ 26. Kh1 f3 27.
Rg1 Qh6 28. Rg3 Bxg3 29. fxg3 Qe3 30. d7 Rf8 31. Qd2 Qe4 32. Kg1 Rad8 33. Qd3
Qg4 34. Rf1 b5 35. Rxf3 Qb4 36. Kg2 a5 37. Rf4 Qc5 38. Rd4 b4 39. h4 Qc7 40.
Qd2 Qc6+ 41. Rd5 Ra8 42. Kh2 Qc7 43. h5 Rfd8 44. h6 a4 45. Qd4 Rf8 46. Qg4 1-0

[Event "Moscow Open 2007"]
[Site "Moscow"]
[Date "2007.01.30"]
[Round "4"]
[White "Sorokin, Maxim"]
[Black "Nakhapetiane, Pogos"]
[Result "1-0"]
[WhiteElo "2547"]
[BlackElo "2408"]
[PlyCount "81"]
[EventDate "2007.??.??"]

1. c4 Nf6 2. Nc3 e5 3. Nf3 Nc6 4. g3 Nd4 5. Bg2 Nxf3+ 6. Bxf3 Bb4 7. Qb3 Be7 8.
O-O O-O 9. Rd1 d6 10. d4 Nd7 11. Nd5 c6 12. Nxe7+ Qxe7 13. Qc2 f5 14. b4 e4 15.
Bg2 Nf6 16. a4 Be6 17. Ra3 h6 18. b5 g5 19. Rc3 Bf7 20. h4 Nh7 21. bxc6 bxc6
22. g4 Bg6 23. h5 Bf7 24. d5 Rac8 25. Bb2 Nf6 26. gxf5 Kh7 27. dxc6 Rxc6 28.
Rd4 Re8 29. Qd2 Qe5 30. Re3 Qxf5 31. Rdxe4 Nxe4 32. Bxe4 Rxe4 33. Rxe4 Rb6 34.
f3 g4 35. Rxg4 Qb1+ 36. Bc1 d5 37. cxd5 Bxh5 38. Rc4 Qf5 39. Kf2 Qf6 40. Qc3
Qf5 41. Bb2 1-0

[Event "Moscow Open 2007"]
[Site "Moscow"]
[Date "2007.01.30"]
[Round "4"]
[White "Oleksienko, Mikhailo"]
[Black "Pustov, Pavel"]
[Result "1/2-1/2"]
[WhiteElo "2541"]
[BlackElo "2407"]
[PlyCount "39"]
[EventDate "2007.??.??"]

1. e4 e5 2. Nf3 Nc6 3. Bb5 a6 4. Ba4 Nf6 5. O-O Be7 6. d3 d6 7. c3 O-O 8. Nbd2
b5 9. Bc2 d5 10. d4 Bg4 11. h3 Bh5 12. g4 Bg6 13. dxe5 Nxe4 14. Nb3 f5 15. Nbd4
Nxd4 16. Nxd4 Bc5 17. Bxe4 fxe4 18. Ne6 Qh4 19. Nxc5 c6 20. f4 1/2-1/2

[Event "Moscow Open 2007"]
[Site "Moscow"]
[Date "2007.01.30"]
[Round "4"]
[White "Beletsky, Alexey"]
[Black "Popov, Ivan"]
[Result "1-0"]
[WhiteElo "2386"]
[BlackElo "2531"]
[PlyCount "93"]
[EventDate "2007.??.??"]

1. d4 d5 2. c4 c6 3. Nf3 Nf6 4. Qc2 g6 5. Bf4 Na6 6. e3 Bf5 7. Qb3 Qb6 8. Nc3
Nh5 9. Bg5 f6 10. Bh4 g5 11. Bg3 Nxg3 12. hxg3 dxc4 13. Bxc4 Qxb3 14. Bxb3
O-O-O 15. O-O-O h6 16. e4 Bg4 17. d5 Nc5 18. Bc2 Bg7 19. dxc6 bxc6 20. Na4 Bxf3
21. gxf3 Ne6 22. Bb3 Nd4 23. Nc5 e5 24. Ne6 Rd7 25. f4 h5 26. f5 h4 27. Bc4 h3
28. g4 Re7 29. Rh2 Rh4 30. f3 Nxe6 31. Bxe6+ Kc7 32. Rdh1 Bf8 33. Bc4 Reh7 34.
Bf1 Kb6 35. Kd2 Bc5 36. Rxh3 a5 37. Kd3 Bd4 38. Rxh4 Rxh4 39. Rxh4 gxh4 40. f4
Kc7 41. g5 Kd7 42. g6 Ke7 43. fxe5 Bxe5 44. b3 Kf8 45. Kc4 Bd6 46. e5 Be7 47.
e6 1-0

[Event "Moscow Open 2007"]
[Site "Moscow"]
[Date "2007.01.30"]
[Round "4"]
[White "Iljin, Artem"]
[Black "Loskutov, Oleg"]
[Result "0-1"]
[WhiteElo "2529"]
[BlackElo "2397"]
[PlyCount "58"]
[EventDate "2007.??.??"]

1. d4 Nf6 2. c4 g6 3. Nc3 Bg7 4. e4 d6 5. h3 O-O 6. Be3 e5 7. d5 Na6 8. Bd3 Nd7
9. g4 Ndc5 10. Bb1 f5 11. exf5 gxf5 12. Qd2 e4 13. Nge2 Nd3+ 14. Bxd3 exd3 15.
Qxd3 Nb4 16. Qd2 fxg4 17. hxg4 Bxg4 18. O-O-O Qe8 19. Bd4 Bxd4 20. Nxd4 Qg6 21.
f3 Bxf3 22. Nxf3 Rxf3 23. Rdg1 Rg3 24. Rxg3 Qxg3 25. Ne4 Qe5 26. Rg1+ Kh8 27.
Ng5 Rf8 28. Ne6 Rf2 29. Nd8 Nxa2+ 0-1

[Event "Moscow Open 2007"]
[Site "Moscow"]
[Date "2007.01.30"]
[Round "4"]
[White "Pushkov, Nikolai"]
[Black "Potapov, Pavel"]
[Result "1-0"]
[WhiteElo "2522"]
[BlackElo "2380"]
[PlyCount "85"]
[EventDate "2007.??.??"]

1. d4 f5 2. Nf3 Nf6 3. g3 g6 4. Bg2 Bg7 5. O-O O-O 6. b4 c6 7. c4 Na6 8. Qb3
Nc7 9. a4 a5 10. b5 Kh8 11. Bb2 Qe8 12. Nbd2 d6 13. Rfe1 Ne4 14. Nxe4 fxe4 15.
Ng5 d5 16. cxd5 cxb5 17. Bxe4 bxa4 18. Rxa4 Bd7 19. Ra2 Nb5 20. Ne6 Bxe6 21.
dxe6 Nd6 22. Bg2 Rf5 23. d5 a4 24. Bxg7+ Kxg7 25. Qc3+ Kg8 26. e4 Rf8 27. e5
Rc8 28. Qa1 Nc4 29. Rxa4 Qb5 30. Ra2 Qc5 31. Qd1 b5 32. d6 b4 33. d7 Rb8 34.
Qd5 Qxd5 35. Bxd5 b3 36. Bxc4 bxa2 37. Bxa2 Kg7 38. Rb1 Rxb1+ 39. Bxb1 Kh6 40.
f4 Kh5 41. Be4 Rb8 42. Bb7 Rf8 43. h3 1-0